|
|
|
|
| LEADER |
00000cam a22000004a 4500 |
| 001 |
musev2_79294 |
| 003 |
MdBmJHUP |
| 005 |
20230905052154.0 |
| 006 |
m o d |
| 007 |
cr||||||||nn|n |
| 008 |
060921s1975 miu o 00 0 eng d |
| 020 |
|
|
|a 9780472901944
|
| 020 |
|
|
|z 9780472127986
|
| 020 |
|
|
|z 9780891480099
|
| 035 |
|
|
|a (OCoLC)1223262995
|
| 040 |
|
|
|a MdBmJHUP
|c MdBmJHUP
|
| 100 |
1 |
|
|a Engel, David M.
|
| 245 |
1 |
0 |
|a Law and Kingship in Thailand During the Reign of King Chulalongkorn /
|c David M. Engel.
|
| 264 |
|
1 |
|a Ann Arbor :
|b Center for South and Southeast Asian studies,
|c 1975.
|
| 264 |
|
3 |
|a Baltimore, Md. :
|b Project MUSE,
|c 2020
|
| 264 |
|
4 |
|c ©1975.
|
| 300 |
|
|
|a 1 online resource.
|
| 336 |
|
|
|a text
|b txt
|2 rdacontent
|
| 337 |
|
|
|a computer
|b c
|2 rdamedia
|
| 338 |
|
|
|a online resource
|b cr
|2 rdacarrier
|
| 490 |
0 |
|
|a Michigan papers on south and southeast Asia ;
|v no. 9, 1975
|
| 490 |
0 |
|
|a Michigan papers on South and Southeast Asia ;
|v 9
|
| 506 |
0 |
|
|a Open Access
|f Unrestricted online access
|2 star
|
| 588 |
|
|
|a Description based on print version record.
|
| 600 |
0 |
7 |
|a Rama
|b V.
|c Thailand, König
|d 1853-1910
|0 (DE-588)120673517
|2 gnd
|
| 650 |
0 |
7 |
|a Rechtsreform
|0 (DE-588)4048833-0
|2 gnd
|
| 651 |
|
7 |
|a Thailand
|0 (DE-588)4078228-1
|2 gnd
|
| 655 |
|
7 |
|a Electronic books.
|2 local
|
| 710 |
2 |
|
|a Project Muse.
|e distributor
|
| 830 |
|
0 |
|a Book collections on Project MUSE.
|
| 856 |
4 |
0 |
|z Texto completo
|u https://projectmuse.uam.elogim.com/book/79294/
|